banner-ar

علم النفس الموسيقى : (Record no. 60622)

MARC details
000 -الفاتح
حقل البيانات ثابتة الطول 00779nam a22001937a 4500
005 - وقت وتاريخ اخر تعامل مع التسجيلة
رقم الضبط 20240530110419.0
008 - عناصر البيانات ثابتة الطول - معلومات عامة
حقل البيانات ثابتة الطول 140917s2010 ua og gr 000 0 ara d
017 ## - رقم الايداع القانونى
رقم الايداع القانونى 2009/15736
المصدر ( الهيئة المختصة) مصر . دار كتب المصرية
020 ## - الرقم الدولى المعيارى للكتب
الرقم الدولى المعيارى للكتاب 9789773286306
040 ## - مصدر الفهرسة
وكالة الفهرسة الأصلية EG-CaGPL
082 04 - رقم تصنيف ديوى العشرى
رقم الطبعة 21
رقم التصنيف 372.218\
رقم المادة هـ ع
100 0# - المدخل الرئيسى - إسم شخصى
الإسم الشخصى هبة عبدالحليم عبدربه
الدور مؤلف
245 1# - بيان العنوان
العنوان علم النفس الموسيقى :
بقية العنوان تنمية سمات الشخصية لدى طفل الروضة /
بيان المسئوليه,etc هبة عبدالحليم عبدربة
260 ## - PUBLICATION, DISTRIBUTION, ETC. (IMPRINT)
تاريخ النشر أو التوزيع 2010
300 ## - الوصف المادى
التعداد 719 ص :
تفاصيل ماديه اخرى للوعاء ايض ؛
أبعاد الوعاء 24 سم
650 04 - المدخل الاضافى بالموضوع-مصطلح موضوعى
مصطلح موضوعي علم النفس الموسيقى
942 ## - عناصر المدخل الإضافي( كوها)
مصدر التصنيف او مخطط الترفيف Dewey Decimal Classification
Koha [default] item type كتاب
260 ## - PUBLICATION, DISTRIBUTION, ETC. (IMPRINT)
-- الاسكندرية :
-- دار الجامعة الجديدة ،
Holdings
حالة التراجع حالة الفقد حالة تلف ليس للاعارة المكان المؤقت الموقع الحالى تاريخ الاكتساب اجمالي اﻻعارات رقم الطلب الباركود تاريخ اخر مشاهدة تاريخ تفعيل السعر نوع وعاء كوها
        مكتبة القاهرة الكبرى مكتبة القاهرة الكبرى 03/09/2015   372.218\ هـ ع 159721 03/09/2015 03/09/2015 كتاب

Powered By

EGPV